Statistics for Guess the Airport Code (with hints)

Click here to take the quiz!

General Stats

  • This quiz has been taken 42 times
  • The average score is 57 of 108

Answer Stats

City Country Hint for Code IATA Code % Correct
AnaaFrench PolynesiaFirst possible airport codeAAA
90%
AlbaceteSpainFirst letters of the alphabetABC
90%
AlbengaItalyEverythingALL
76%
SamarindaIndonesia.... LankaSRI
72%
Da NangVietnamYour fatherDAD
72%
New York CityUSA (NY)President assassinated 1963 in DallasJFK
72%
Las VegasUSA (NV)Word before Vegas or CrucesLAS
69%
CoquimboChileAnimal that gives milkCOW
69%
BrownsvilleUSA (TX)A good friend that is like a brotherBRO
69%
RomeItalyFederal agency (USA)CIA
69%
Bossier CityUSA (LA)Breaking ...BAD
69%
LagosNigeriaWord before Angeles, Lobos or AlamosLOS
69%
New OrleansUSA (LA)Word before York, Delhi or ZealandNEW
69%
OmegaNamibiaOh my God!OMG
69%
San Felipe de Puerto PlataDominican RepublicMichael Jackson was the king of ....POP
69%
San DiegoUSA (CA)Word before Francisco, Antonio or MarinoSAN
69%
CooperstownUSA (NY)Police officerCOP
66%
LablabPapua New GuineaLaboratoryLAB
66%
KrakowPolandCroatian island without a vowelKRK
66%
KadenaJapanMolecule that carries the genetic instructionsDNA
66%
SingletonAustralia (NSW)6SIX
66%
LeconiGabonLatin word for "lion"LEO
66%
KristianstadSwedenOther word for ChildKID
66%
Baia MareRomaniaTampa or ChesapeakeBAY
66%
Mangrove CayBahamasA monthMAY
62%
GüiriaVenezuelaGraphical User InterfaceGUI
62%
Mexico CityMexicoFood from the South (Tex-....)MEX
62%
MendeFranceMale humansMEN
62%
Waku-KungoAngolaLeader of a organizationCEO
62%
FallonUSA (NV)Highest football league in the USNFL
62%
LawtonUSA (OK)System of rulesLAW
62%
AnkangChinaIf a person is known under an other nameAKA
62%
KerichoKenyaHemingway lived in ...West, FLKEY
62%
JoensuuFinlandBiden, DiMaggio, LouisJOE
62%
Rapid CityUSA (SD)What Eminem doesRAP
62%
KirakiraSolomon IslandsTerrorist group in IrelandIRA
62%
AndavadoakaMadagascarDigital Versatile DiscDVD
62%
WenatcheeUSA (WA)All you can ....EAT
62%
MaisíCubaActress ThurmanUMA
59%
ConcordUSA (NC)Obamas and Trumps countryUSA
59%
MonastirTunisiaRussian space stationMIR
59%
YiningChinaand YangYIN
59%
ManausBrazilChinese dictatorMAO
59%
OodnadattaAustralia (SA)1,3,5,7,9ODD
59%
SihanoukvilleCambodiaGreek islandKOS
59%
Eau ClaireUSA (WI)French word for waterEAU
59%
NambiyufaPapua New GuineaHighest basketball league in the USNBA
59%
Naberezhnye ChelnyRussiaAmerican commercial broadcast TV networkNBC
59%
ReynosaMexicoTyrannosaurusREX
59%
SuvaFijiLight truck but also family vehicleSUV
59%
HaileyUSA (ID)Star at center of the Solar SystemSUN
59%
TelaHondurasCold or hot beverageTEA
59%
KongePapua New GuineaFormer security agency in the USSRKGB
55%
DongolaSudanMan's best friendDOG
55%
Esa'alaPapua New GuineaEuropean pendant to the NASAESA
55%
WillowUSA (AK)World of WarcraftWOW
55%
Big MountainUSA (AK)Bicycle motocrossBMX
55%
RaduzhnyRussiaRodentRAT
55%
WiscassetUSA (ME)Space stationISS
55%
KaiapitPapua New GuineaSouth Korean car brandKIA
55%
Dos LagunasGuatemalaRussian river (delta at Rostov)DON
55%
Great BarringtonUSA (MA)Reef off the coast of Queensland, AustraliaGBR
55%
MomeikMyanmarBarkeeper from the SimpsonsMOE
52%
ApucaranaBrazilKwik-E-Mart owner (The Simpsons)APU
52%
AitapePapua New GuineaProfessional Tennis Tour for menATP
52%
BrainerdUSA (MN)West Germany (in German)BRD
52%
Frieda RiverPapua New GuineaQuestions that are asked oftenFAQ
52%
Mount AuePapua New GuineaIts capital is Abu DhabiUAE
52%
AripuanãBrazilWord before France or JordanAIR
52%
Port AlfredSouth AfricaVery extreme german political partyAFD
48%
WintonAustralia (QLD)VictoryWIN
48%
PraiaCape VerdeItalian TV channelRAI
48%
CodyUSA (WY)First-shooter video game franchiseCOD
48%
IndulkanaAustralia (SA)If you don't know the answerIDK
48%
El FasherSudanMythical creaturesELF
48%
FresnoUSA (CA)overweightFAT
48%
CasinoAustralia (NSW)Miami or NY (TV series)CSI
48%
FicksburgSouth AfricaBayern Munich or Barca abbreviationFCB
48%
Boa VistaBrazilSoccer club from DortmundBVB
48%
PageUSA (AZ)Golf tour organizerPGA
45%
FrederickUSA (OK)US president in WWIIFDR
45%
FoggiaItalyVietnamfilm from Errol Morris (.... of War)FOG
45%
RafaelaArgentinaGerman terrorist organizationRAF
45%
MelbourneUSA (FL)Highest Baseball League in the USMLB
41%
TeteMozambiqueVietnamese New YearTET
41%
LanzaroteSpainHole-in-one (Golf)ACE
41%
Franz Josef GlacierNew ZealandQuestion or health organizationWHO
41%
CumberlandUSA (MD)Commander of the Most Excellent Order of the British EmpireCBE
41%
PotosíBoliviaInteresting pointsPOI
41%
NarranderaAustralia (NSW)Organization which advocates for gun rightsNRA
41%
GeorgetownGuyanaMeans "earth" in GreekGEO
38%
TopekaUSA (KS)Forge of EmpiresFOE
38%
Labuan BajoIndonesiaKennedys successorLBJ
38%
RamsteinGermanyWord before TitanicRMS
34%
LublinPoland"Light" in Spanish or PortugueseLUZ
34%
CabimasVenezuelaAmerican commercial broadcast TV networkCBS
34%
Winter HavenUSA (FL)Neverending animationGIF
34%
BarbudaAntigua and BarbudaKansas City is known for thisBBQ
31%
BayreuthGermanyFamous university located in Provo, UtahBYU
28%
TurukhanskRussiaThanks!THX
28%
Simberi IslandPapua New GuineaCity in SerbiaNIS
28%
Woodie WoodieAustralia (WA)The war to end all warsWWI
24%
GuadalupeBrazilMeasure of the market value of all final goods and servicesGDP
24%
XanxerêBrazilBrand of male grooming productsAXE
24%
MohéliComorosHip-hop crew from Compton, CANWA
21%
ZaragozaSpainFrench singerZAZ
21%
VinnytsiaUkraineUnique number on each carVIN
17%
KitkatlaCanada (BC)ZipperYKK
7%

Score Distribution

Percentile by Number Answered

Percent of People with Each Score

Your Score History

You have not taken this quiz